Электролитическое восстановление соединений мышьяка в мышьяковистый водород. Сообщение 3. Восстановление на железном катоде: [оттиск статьи]

التفاصيل البيبلوغرافية
المؤلف الرئيسي: Козловский М. Т.
مؤلفون آخرون: Соломин Б. В.
اللغة:الروسية
منشور في: Алма-Ата, Изд-во Казахского гос. ун-та, 1951
سلاسل:Ученые записки Казахского государственного университета Т. 14, вып. 2
Химия
الموضوعات:
التنسيق: MixedMaterials كتاب
KOHA link:https://koha.lib.tpu.ru/cgi-bin/koha/opac-detail.pl?biblionumber=335427

MARC

LEADER 00000nam0a2200000 4500
001 335427
005 20231102004743.0
035 |a (RuTPU)RU\TPU\book\361798 
090 |a 335427 
100 |a 20170922d1951 k y0rusy50 ca 
101 0 |a rus 
102 |a RU 
105 |a a z 001zy 
200 1 |a Электролитическое восстановление соединений мышьяка в мышьяковистый водород. Сообщение 3. Восстановление на железном катоде  |e [оттиск статьи]  |f М. Т. Козловский, Б. В. Соломин 
210 |a Алма-Ата  |c Изд-во Казахского гос. ун-та  |d 1951 
215 |a 6 с.  |c ил. 
225 1 |a Ученые записки Казахского государственного университета  |v Т. 14, вып. 2 
225 1 |a Химия 
320 |a Библиогр. в конце ст. 
606 1 |a Мышьяк  |x Химия  |2 stltpush  |3 (RuTPU)RU\TPU\subj\70629  |9 84834 
606 1 |a Электрохимия  |2 stltpush  |3 (RuTPU)RU\TPU\subj\21014  |9 46066 
610 1 |a электролитическое восстановление 
610 1 |a мышьяк 
610 1 |a железные катоды 
610 1 |a электролиз 
610 1 |a таблицы 
610 1 |a библиотека А. Г. Стромберга 
675 |a 544.6  |v 4 
675 |a 546.19  |v 4 
700 1 |a Козловский  |b М. Т. 
701 1 |a Соломин  |b Б. В. 
801 1 |a RU  |b 63413507  |c 20170922 
801 2 |a RU  |b 63413507  |c 20171130  |g RCR 
942 |c BK